|
|
|
|
| LEADER |
00000nab a2200000 a 4500 |
| 001 |
vtls010685409 |
| 003 |
SK-MaSNL |
| 005 |
20260304052612.0 |
| 008 |
150612c2014 xo wr p 000 a0slo |
| 015 |
|
|
|a SNBRA2015/06
|
| 038 |
|
|
|a SVKPOCL
|
| 040 |
|
|
|a SVKPOCL
|b slo
|c SVKPOCL
|e AACR2
|
| 041 |
0 |
|
|a slo
|
| 044 |
|
|
|a xo
|c SK
|
| 080 |
|
|
|a 80(=16)+908(4)
|2 2001
|
| 080 |
|
|
|a 80(=161.2)+908(477)
|2 2001
|
| 080 |
|
|
|a 821.161.2
|2 2001
|
| 080 |
|
|
|a 821.161.2-32
|2 2001
|
| 080 |
|
|
|a 141.72:82
|2 2001
|
| 080 |
|
|
|a 82.02"1960/20.."
|2 2001
|
| 080 |
|
|
|a 929 Zabužko, Oksana
|2 2001
|
| 080 |
|
|
|a (048.8)
|2 2001
|
| 100 |
1 |
|
|a Žemberová, Viera,
|d 1948-
|4 aut
|9 99575
|
| 245 |
1 |
0 |
|a Tématizované ja - medzi prózou, pamäťou a skúsenosťou
|c Viera Žemberová
|
| 500 |
|
|
|a Štúdia obsahuje abstrakt a kľúčové slová v angličtine
|
| 504 |
|
|
|a Bibliogr. odkazy
|
| 600 |
1 |
7 |
|a Zabužko, Oksana,
|d 1960-
|t Sestro, sestro
|2 svkpocl
|9 1336004
|
| 650 |
0 |
7 |
|a ukrajinská literatúra
|2 svkpocl
|9 1218
|
| 650 |
0 |
7 |
|a rodinná trauma
|2 svkpocl
|9 1336005
|
| 650 |
0 |
7 |
|a slavistika
|2 svkpocl
|9 4282
|
| 650 |
0 |
7 |
|a ukrajinistika
|2 svkpocl
|9 51200
|
| 650 |
0 |
7 |
|a ukrajinská próza
|2 svkpocl
|9 82745
|
| 650 |
0 |
7 |
|a feminizmus a literatúra
|2 svkpocl
|9 103114
|
| 650 |
0 |
7 |
|a postmodernizmus (literatúra)
|2 svkpocl
|9 4084
|
| 651 |
|
7 |
|a Ukrajina
|2 svkpocl
|9 168045
|
| 655 |
|
7 |
|a štúdie
|2 svkpocl
|9 57033
|
| 773 |
0 |
|
|a Čižmárová, Mária, 1969- (ed.)
|t Slovanské reminiscencie : zborník príspevkov venovaný Dr. h. c. doc. PhDr. Ľubici Babotovej, CSc., pri príležitosti jej životného jubilea
|d Prešov : Filozofická fakulta Prešovskej univerzity v Prešove, 2014
|g S. 290-301
|z 9788055510989
|
| 852 |
|
|
|a SVKPO
|b KIS3GCP
|
| 958 |
|
|
|a UK
|
| 958 |
|
|
|a LX
|
| 958 |
|
|
|a UA
|
| 958 |
|
|
|a SK
|
| 958 |
|
|
|a SS
|
| 958 |
|
|
|a NB
|
| 958 |
|
|
|a BC
|
| 999 |
|
|
|c 2709024
|d 2710954
|